| 000 | 00000nam 2200000zi 4500 |
| 001 | 9.903515 |
| 003 | CaOODSP |
| 005 | 20250818131833 |
| 006 | m o d f |
| 007 | cr cn||||||||| |
| 008 | 210921t20202020oncd o f000 0 fre d |
| 040 | |aCaOODSP|bfre|erda|cCaOODSP |
| 041 | 0 |aeng|afre |
| 043 | |anl----- |
| 045 | |ax1y1 |
| 086 | 1 |aFs72-52/2020-PDF |
| 245 | 00|aMonthly and yearly mean water levels = |bMoyennes mensuelles et annuelles du niveau d'eau. |
| 246 | 11|aMoyennes mensuelles et annuelles du niveau d'eau |
| 250 | |a[Édition de 2020]. |
| 264 | 1|aOttawa : |bCanadian Hydrographic Service = Service hydrographique du Canada, |c[2020] |
| 264 | 4|c©2020 |
| 300 | |a1 ressource en ligne (1 page) : |bgraphiques en couleur |
| 336 | |atexte|btxt|2rdacontent/fre |
| 337 | |ainformatique|bc|2rdamedia/fre |
| 338 | |aressource en ligne|bcr|2rdacarrier/fre |
| 546 | |aTexte en anglais et en français. |
| 650 | 6|aNiveau des eaux|zGrands Lacs (Amérique du Nord) |
| 710 | 2 |aService hydrographique du Canada, |eorganisme de publication. |
| 788 | |tMonthly and yearly mean water levels = |eeng|w(CaOODSP)9.903514 |
| 794 | |tMonthly and yearly mean water levels = |b[Édition de 2024]|w(CaOODSP)9.937471 |
| 856 | 40|qPDF|s312 Ko|uhttps://publications.gc.ca/collections/collection_2021/mpo-dfo/Fs72-52-2020.pdf |